01667cam a22003614i 4500003000900000005001700009008004100026020001800067035002000085040003300105082002100138100002900159245010300188264004300291300004500334336002100379337002500400338002300425505067300448526001001121526001001131526001001141526001001151526000801161526000801169526000801177526000801185526000801193526000801201526000801209630004201217650004601259PE-LiUPU20250731173041.0171220s2011 xxu0 r0 000 0 spa d a9780801048425 a(Sirsi) a240618 aPE-LiUPUbspacPE-LiUPUerda04a225.066bE962231 aEvans, Craig A.,eautor.10aAncient texts for New Testament studies :ba guide to the background literature /cCraig A. Evans. 1aGrand Rapids :bBaker Academic;c2011. aXXXVI, 539 páginas ;c23 centímetros atext2rdacontent aunmediated2rdamedia avolume2rdacarrier0 aThe Old Testament Apocrypha -- The Old Testament Pseudepigrapha -- The Dead Sea scrolls -- Versions of the Old Testament -- Philo and Josephus -- The Targums -- Rabbinic literature -- The New Testament Apocrypha and Pseudepigrapha -- Early church fathers -- Gnostic writings -- Other writings -- Examples of New Testament exegesis -- Appendixes. Canons of Scripture that include the Apocrypha -- Quotations, allusions, and parallels to the New Testament -- Parallels between New Testament Gospels and pseudepigraphal gospels -- Jesus' parables and the parables of the rabbis -- Jesus and Jewish miracle stories -- Messianic claimants of the first and second centuries. aSEG42 aSEG41 aSEG40 aSEG39 aP94 aP87 aP86 aP85 aP77 aP76 aP3504aBiblia.pN.T.xEstudio y enseñanza.14aLiteratura AntiguaxHistoria y crítica.